| 000 | 00669nam a2200217 a 4500 | ||
|---|---|---|---|
| 001 | BRL_246 | ||
| 005 | 20190320210643.0 | ||
| 008 | 080713s1970----mx-a######---#000-0#spa-# | ||
| 041 | _aspa | ||
| 044 | _amx | ||
| 050 | 4 |
_aF1391.C634 _b.M43 1970 |
|
| 100 | 1 |
_aMeade, Joaquin _d1896-1971 _923348 |
|
| 245 | 1 | 0 |
_aHistoria de Valles _bmonografía de la Huasteca Potosina _cJoaquin Meade. |
| 260 |
_aSan Luis Potosí, S.L.P., México _bSociedad Potosina de Estudios Históricos _c1970 |
||
| 300 |
_a319 p. _bil. _c24 cm. |
||
| 500 | _aAu261 | ||
| 504 | _aBibliografía : p. 315-319 | ||
| 651 | 4 |
_aCiudad Valles (México) _xHistoria _923349 |
|
| 902 | _aGRL | ||
| 942 |
_2lcc _cB |
||
| 999 |
_c9059 _d9059 |
||